MARC details
| 000 -CABECERA |
| campo de control de longitud fija |
01547nam a2200217 a 4500 |
| 001 - NÚMERO DE CONTROL |
| campo de control |
000000232 |
| 005 - FECHA Y HORA DE LA ÚLTIMA TRANSACCIÓN |
| campo de control |
20200929145319.0 |
| 008 - DATOS DE LONGITUD FIJA--INFORMACIÓN GENERAL |
| campo de control de longitud fija |
081124s1984 dr a 001 0 spa d |
| 040 ## - FUENTE DE LA CATALOGACIÓN |
| Centro catalogador/agencia de origen |
DO-SdBNP |
| Lengua de catalogación |
spa |
| Centro/agencia transcriptor |
BNPHU |
| 082 ## - NÚMERO DE LA CLASIFICACIÓN DECIMAL DEWEY |
| Número de clasificación |
174.2 |
| Número de documento/Ítem |
M385e |
| 100 1# - ENTRADA PRINCIPAL--NOMBRE DE PERSONA |
| Nombre de persona |
Martínez, V. Alonso |
| 9 (RLIN) |
763 |
| 245 10 - MENCIÓN DE TÍTULO |
| Título |
Ética profesional para médicos y psicólogos / |
| Mención de responsabilidad, etc. |
V. Alonso Martínez ; portada Rachel Morales. |
| 260 ## - PUBLICACIÓN, DISTRIBUCIÓN, ETC. |
| Lugar de publicación, distribución, etc. |
Santo Domingo : |
| Nombre del editor, distribuidor, etc. |
Alfa & Omega, |
| Fecha de publicación, distribución, etc. |
1984. |
| 300 ## - DESCRIPCIÓN FÍSICA |
| Extensión |
105 p. : |
| Otras características físicas |
il. ; |
| Dimensiones |
21 cm. |
| 505 0# - NOTA DE CONTENIDO CON FORMATO |
| Título |
Dedicatoria -- |
| -- |
Introducción-- |
| -- |
Sistema nervioso -- |
| -- |
Glándulas endócrinas -- |
| -- |
Definición y división de ética -- |
| -- |
Problemas morales de la medicina -- |
| -- |
Aborto -- |
| -- |
Prácticas de laboratorio de seres humanos -- |
| -- |
Bibliografía sobre el aborto -- |
| -- |
Anagrama -- El secreto profesional médico -- |
| -- |
Teoría de la ley natural de la moralidad -- |
| -- |
Honorarios profesional -- |
| -- |
Dicotomía -- |
| -- |
Incompetencia profesional -- |
| -- |
Psiquiatras y psicólogos -- |
| -- |
Ética y religión -- |
| -- |
Epílogo ¿Es posible y humana la contindencia? -- |
| -- |
Masturbación, prostitución, amor libre -- |
| -- |
Aparato genital masculino -- |
| -- |
Organos sexuales secundarios -- |
| -- |
La ley natural: "creced y multiplicaos" -- |
| -- |
Amor libre etc. -- |
| -- |
¿Se atrofian órganos secundarios? -- |
| -- |
Enfermedades mentales, impotencia etc. -- |
| -- |
La incontinencia, sí produce enfermedades La sífilis, etc. |
| 590 ## - NOTA LOCAL (RLIN) |
| Nota local |
Inventariado, 2018/MFF |
| 650 #4 - PUNTO DE ACCESO ADICIONAL DE MATERIA--TÉRMINO DE MATERIA |
| Término de materia o nombre geográfico como elemento de entrada |
Médicos |
| Subdivisión general |
Ética profesional |
| 9 (RLIN) |
764 |
| 650 #4 - PUNTO DE ACCESO ADICIONAL DE MATERIA--TÉRMINO DE MATERIA |
| Término de materia o nombre geográfico como elemento de entrada |
Psicólogos |
| Subdivisión general |
Ética profesional |
| 9 (RLIN) |
616 |
| 700 1# - PUNTO DE ACCESO ADICIONAL--NOMBRE DE PERSONA |
| Nombre de persona |
Morales, Rachel |
| 9 (RLIN) |
765 |
| 910 ## - DATOS DE OPCIÓN DEL USUARIO (OCLC) |
| Datos de opción del usuario |
Validado. Control de calidad MFF |